00351nam a2200145Ia 4500008004000000020001500040041000800055082001800063100002400081245002900105260003000134300000800164650001800172650001500190210210b2017 xxu||||| |||| 00| 0 eng d a812641166X aeng a894.8121 NAIT aNAIR (Kunjiraman P) aThiranjedutha kavithakal aKottayambD C Booksc2017 a815 aThiranjedutha akavithakal